000 00467nam a2200157 i 4500
001 41413
003 ES-MaACL
005 20230906160427.0
007 t|
008 030310s1929 sp ||||1| spa d
100 1 _aCasahonda, Jorge.
_936033
245 1 0 _aCongreso Nacional de Maestros como debe la escuela fomentar el espĂ­ritu nacional /
_cponencia del profesor.
260 _a[S.l. :
_bs.n.],
_c1929.
300 _a22 p. ;
_c22 cm.
852 _aES-MaACL
_j1758-F-21
999 _c41413
_d41413